النشرة الشهرية لمتوسط أسعار المستهلك لأهم السلع الغذائية نوفمبر 2019/
يتناول هذا العمل نشرة شهرية تصدر عن الجهاز المركزي للتعبئة العامة والإحصاء وهذه نشرة شهر أكتوبر لسنة 2016 وتتضمن هذه النشرة الأرقام لمتوسط أسعار المستهلكين لأهم السلع الغذائية للمواطن العادي والمهتمين بتتبع الأسعار....
Saved in:
| 主要作者: | |
|---|---|
| 格式: | 序列 |
| 语言: | 阿拉伯语 |
| 出版: |
القاهرة :
الجهاز المركزي للتعبئة العامة والإحصاء.
2020
|
| 主题: | |
| 标签: |
添加标签
没有标签, 成为第一个标记此记录!
|
MARC
| LEADER | 00000nas a22000007a 4500 | ||
|---|---|---|---|
| 003 | INP | ||
| 005 | 20201018124025.0 | ||
| 008 | 180213uuuuuuuuuua mu| | s|||f00| f1ara d | ||
| 952 | |0 0 |1 0 |4 0 |6 338_196200000000000_ن_ش_2019 |7 0 |8 نشرات التع |9 20401 |a INP |b INP |c JOUR |d 2020-08-26 |l 0 |o 338.1962 ن ش 2019 |p 021467 |r 2022-03-28 00:00:00 |w 2020-08-26 |y PUB |0 0 | ||
| 999 | |c 16526 |d 16526 | ||
| 040 | |a EG-INP |b ara |c EG-INP | ||
| 043 | |a f-ua--- | ||
| 082 | 0 | 4 | |a 338.1962 |b ن ش 2019 |2 21 |
| 100 | |a الجهاز المركزي للتعبئة العامة والإحصاء. | ||
| 245 | 0 | 2 | |a النشرة الشهرية لمتوسط أسعار المستهلك لأهم السلع الغذائية نوفمبر 2019/ |c الجهاز المركزي للتعبئة العامة و الإحصاء. |
| 260 | |a القاهرة : |b الجهاز المركزي للتعبئة العامة والإحصاء. |c 2020 | ||
| 300 | |a مج. : |b إيض. ؛ |c 29 سم. | ||
| 310 | |a شهري | ||
| 500 | |a إصدار ديسمبر 2019. | ||
| 500 | |a مرجع رقم 2019-22321-63 | ||
| 520 | |a يتناول هذا العمل نشرة شهرية تصدر عن الجهاز المركزي للتعبئة العامة والإحصاء وهذه نشرة شهر أكتوبر لسنة 2016 وتتضمن هذه النشرة الأرقام لمتوسط أسعار المستهلكين لأهم السلع الغذائية للمواطن العادي والمهتمين بتتبع الأسعار. | ||
| 650 | 7 | |a االسلع الغذائية |x استهلاك |2 qrmak | |
| 650 | 7 | |a الأسعار |x إحصائيات |2 qrmak | |
| 650 | 7 | |a السلع الإستهلاكية |2 qrmak | |
| 651 | 7 | |a مصر |x أحوال اقتصادية |v دوريات |2 qrmak | |
| 710 | 2 | |a الجهاز المركزي للتعبئة العامة والإحصاء. | |
| 901 | |a EGPV2 | ||
| 902 | |a egpv34 | ||
| 903 | |a original | ||
| 942 | |2 ddc |c PUB | ||